| 000 | 00755nam a2200301Ia 4500 | ||
|---|---|---|---|
| 001 | Z_4743 | ||
| 003 | CHAP | ||
| 008 | 220113s2000 xx 000 0 und d | ||
| 010 | _a167792 | ||
| 040 | _cCHAP | ||
| 090 | _aFolleto 631 | ||
| 100 |
_aLa producción de carne en México _9142068 |
||
| 245 |
_a/ _c |
||
| 260 |
_aMéxico, D. F. : _bClaridades agropecuarias, _c2000 |
||
| 300 | _a40 p. ; ilus. | ||
| 440 |
_aRevista claridades agropecuarias No. 83 _9142069 |
||
| 500 | _a | ||
| 503 | _a | ||
| 650 |
_aCarne _xMéxico _9142070 |
||
| 650 |
_aGanado de carne _xMéxico _945097 |
||
| 650 |
_aMéxico _xGanado de carne _9142071 |
||
| 901 | _aFolleto 631 | ||
| 902 | _aA | ||
| 910 | _a2000 | ||
| 942 | _cc14 | ||
| 942 | _cc14 | ||
| 999 |
_c167792 _d167792 |
||